000 00772nam a2200229 i 4500
001 bg
100 1 _aMICHTA-STAWIARSKA, Teresa
245 1 0 _aKompleksowa ocena i stabilizacja podstawowych właściwości technologicznych klasycznych mas formierskich /
_cTeresa Michta-Stawiarska ; Uniwersytet Zielonogórski.
260 _aZielona Góra :
_bOficyna Wydawnicza Uniwersytetu Zielonogórskiego,
_c2006.
300 _a89, [2] s. :
_bil. ;
_c24 cm.
500 _aStreszcz. ang.
504 _aBibliogr. s. 82-89.
650 9 _aMasy formierskie
_xbadanie
_xmetody
015 _aPB 15227/2006
020 _a8374810157
040 _cBPK
041 0 _apol
_beng
080 _a621.74
920 _a83-7481-015-7
942 _cKS
008 s pl f |000 0 pol
999 _c53655
_d53655
856 _uhttp://koha.tu.koszalin.pl/cgi-bin/koha/opac-detail.pl?biblionumber=53655
_yKatalog online BPK